00802nam a2200241 a 450000100060000000300080000600500170001400800410003103500190007204000310009104100080012208200270013010000460015724500910020326000370029430000340033150400370036565000240040265000340042665000170046070000480047774000350052573433BD-RjUL20211209082408.0170531s1959 enka b 001 0 eng d a(BD-RjUL)73651 aDLC/ICUcICUdBD-RjULbeng aeng00223a636.0885bRUP 19591 aRussell, W. M. S.q(William Moy Stratton)14aThe principles of humane experimental technique /c[by] W.M.S. Russell and R.L. Burch. aLondon :bMethuen & Co.,cc1959. axiv, 238 p. :bill. ;c22 cm. aIncludes bibliography and index. 0aLaboratory animals. 0aAlternative toxicity testing. 0aVivisection.1 aBurch, R. L.q(Rex Leonard),ejoint author.0 aHumane experimental technique.